Un'anno Sull'altipiano

Gespeichert in:
Bibliographische Detailangaben
1. Verfasser: Milio Lussu
Format: Buch
Sprache:Nichtbestimmte Sprache
Veröffentlicht: Oscar Mondori
Tags: Tag hinzufügen
Keine Tags, Fügen Sie das erste Tag hinzu!

MARC

LEADER 00000nam a2200000Ia 4500
001 R-707
003 CODICE-MESSINA
005 20260212102456.0
008 260211s9999 xx 000 0 und d
040 |c importazione_messina 
100 |a Milio Lussu 
245 0 |a Un'anno Sull'altipiano 
260 |b Oscar Mondori 
942 |2 ddc  |c BK 
952 |0 0  |1 0  |2 ddc  |4 0  |6 SCAFFALE_6_000000000000000__ROMANZI  |7 0  |9 31533  |a ME  |b ME  |d 2026-02-11  |l 0  |o SCAFFALE 6 - ROMANZI  |p R-707  |r 2026-02-11 23:52:37  |w 2026-02-11  |x [REVISIONARE]  |y BK 
999 |c 27198  |d 27198